Повесть об олимпийском характере (Запись № 11059773)

Подробности
000 -МАРКЕР
контрольное поле 01576nam0a2200337 4500
001 - ИДЕНТИФИКАТОР ЗАПИСИ
контрольное поле RU\NLR\BIBL_A\011935028
005 - ИДЕНТИФИКАТОР ВЕРСИИ
контрольное поле 20190322152444.0
010 ## - МЕЖДУНАРОДНЫЙ СТАНДАРТНЫЙ НОМЕР КНИГИ (ISBN)
Номер (ISBN) 978-5-9500629-1-9
Тираж 1000
021 ## - НОМЕР ГОСУДАРСТВЕННОЙ РЕГИСТРАЦИИ
Код страны Российская Федерация
Номер КН-П-18-104090
Номер Листа государственной регистраци КН-П-18-7544
035 ## - ДРУГИЕ СИСТЕМНЫЕ НОМЕРА
Идентификатор записи (NLR Aleph) 011935028
035 ## - ДРУГИЕ СИСТЕМНЫЕ НОМЕРА
Идентификатор записи (RuMoRGB)009859357
100 ## - ДАННЫЕ ОБЩЕЙ ОБРАБОТКИ
Данные общей обработки 20190212d2018 u y0rusy50 ca
101 0# - ЯЗЫК РЕСУРСА
Язык текста, звукозаписи и т.д. русский
102 ## - СТРАНА ПУБЛИКАЦИИ ИЛИ ПРОИЗВОДСТВА
Страна публикации Российская Федерация
105 ## - ПОЛЕ КОДИРОВАННЫХ ДАННЫХ: ТЕКСТОВЫЕ МАТЕРИАЛЫ, МОНОГРАФИЧЕСКИЕ
Кодированные данные о монографическом текстовом документе ac||z|||000zy
200 1# - ЗАГЛАВИЕ И СВЕДЕНИЯ ОБ ОТВЕТСТВЕННОСТИ
Основное заглавие Повесть об олимпийском характере
Первые сведения об ответственности Евгений Богатырев
210 ## - ПУБЛИКАЦИЯ, РАСПРОСТРАНЕНИЕ И ДР.
Место издания, распространения и т.д. Москва
Имя издателя, распространителя и т. д. Редакция журнала "Физкультура и спорт"
Дата издания, распространения и т.д. 2018
215 ## - ФИЗИЧЕСКАЯ ХАРАКТЕРИСТИКА
Специфическое обозначение материала и объем 479 с.
Другие сведения о физической характеристике ил., портр.
Размеры 22
225 1# - СЕРИЯ
Основное заглавие серии ФИС
Наименование части Золотая библиотека спорта
600 #1 - ИМЯ ЛИЦА КАК ПРЕДМЕТ
Начальный элемент ввода Богатырев
Часть имени, кроме начального элемента ввода Е. Г.
Расширение инициалов личного имени Евгений Григорьевич
Формальный подзаголовок Воспоминания, записки и т.п.
Системный номер авторитетной/нормативной записи 2403374
Идентификатор авторитетной/нормативной записи RU\NLR\AUTH\6601652066
606 1# - НАИМЕНОВАНИЕ ТЕМЫ КАК ПРЕДМЕТ
Наименование темы Спортсмены-олимпийцы
Формальный подзаголовок Воспоминания, записки и т.п.
Географический подзаголовок СССР
Системный номер авторитетной/нормативной записи 2401241
Идентификатор авторитетной/нормативной записи RU\NLR\AUTH\6601651071
606 1# - НАИМЕНОВАНИЕ ТЕМЫ КАК ПРЕДМЕТ
Наименование темы Спортсмены-олимпийцы
Формальный подзаголовок Воспоминания, записки и т.п.
Тематический подзаголовок Российская Федерация
Системный номер авторитетной/нормативной записи 2401250
Идентификатор авторитетной/нормативной записи RU\NLR\AUTH\6601651074
686 1# - ИНДЕКСЫ ДРУГИХ КЛАССИФИКАЦИЙ
Индекс Ч514(2)90
686 1# - ИНДЕКСЫ ДРУГИХ КЛАССИФИКАЦИЙ
Индекс Ч612.3(2)7-8Богатырев
700 #1 - ИМЯ ЛИЦА - ПЕРВИЧНАЯ ОТВЕТСТВЕННОСТЬ
Начальный элемент ввода Богатырев
Часть имени, кроме начального элемента ввода Е. Г.
Расширение инициалов личного имени Евгений Григорьевич
942 ## - ДОПОЛНИТЕЛЬНЫЕ ЭЛЕМЕНТЫ ЗАПИСИ (АБИС)
Тип экземпляра АБИС Книга
980 ## - КОЛЛЕКЦИЯ
Название коллекции НБР
980 ## - КОЛЛЕКЦИЯ
Название коллекции Национальная библиография

Нет доступных экземпляров.